[Event "British Columbia op"]
[Site "Burnaby CAN"]
[Date "2025.02.15"]
[Round "2.26"]
[White "Zheng, Yanchen"]
[Black "Lu, Karson"]
[Result "0-1"]
[WhiteElo "1847"]
[BlackElo "1733"]
[WhiteFideId "-1"]
[WhiteFideId "-1"]
[PlyCount "72"]
[GameId "2162699947183662"]
[EventDate "2025.02.15"]
[EventType "swiss"]
[EventRounds "6"]
[EventCountry "CAN"]

1. c4 c6 2. Nf3 Nf6 3. d4 d5 4. e3 Bg4 5. Be2 e6 6. Nbd2 Nbd7 7. O-O Bd6 8. b3 Bh5 9. Bb2 b6 10. Ne5 Bxe2 11. Qxe2 Qc7 12. f4 h6 13. e4 dxe4 14. Nxe4 Rc8 15. Nxd6+ Qxd6 16. f5 O-O 17. Rae1 Rfe8 18. Qf2 exf5 19. Qxf5 c5 20. d5 Re7 21. Nc6 Rxe1 22. Rxe1 Re8 23. Rxe8+ Nxe8 24. Nxa7 Qe7 25. Nc6 Qe2 26. Qf2 Qd1+ 27. Qf1 Qd2 28. Qc1 Qe2 29. Qa1 Ndf6 30. Ne5 Qe3+ 31. Kh1 Ne4 32. Ng4 Qe2 33. Ne5 Nf2+ 34. Kg1 Nd1 35. Nf3 Qf2+ 36. Kh1 Qf1+ 0-1

[Event "British Columbia op"]
[Site "Burnaby CAN"]
[Date "2025.02.15"]
[Round "2.27"]
[White "Fang, Pengsen"]
[Black "Radic, Dejan"]
[Result "0-1"]
[WhiteElo "1840"]
[BlackElo "1707"]
[WhiteFideId "-1"]
[WhiteFideId "-1"]
[PlyCount "80"]
[GameId "2162699947183663"]
[EventDate "2025.02.15"]
[EventType "swiss"]
[EventRounds "6"]
[EventCountry "CAN"]

1. e4 c5 2. Nc3 g6 3. Nf3 Bg7 4. d4 cxd4 5. Nxd4 Nc6 6. Be3 Nf6 7. Bc4 Qa5 8. f3 Qb4 9. Bb3 Nxe4 10. Nxc6 Bxc3+ 11. bxc3 Qxc3+ 12. Ke2 dxc6 13. Bd4 e5 14. Bxc3 Nxc3+ 15. Ke3 Nxd1+ 16. Raxd1 Ke7 17. Rd2 h5 18. Rhd1 f6 19. h3 h4 20. f4 Bf5 21. fxe5 fxe5 22. Re2 Rad8 23. Rde1 Kf6 24. Kf3 e4+ 25. Kf4 Rd4 26. Ke3 Rhd8 27. Rf1 Rd1 28. Rf4 g5 29. Rff2 Ke5 30. Rd2 R1xd2 31. Rxd2 Rxd2 32. Kxd2 Kf4 33. Ke2 Kg3 34. Kf1 e3 35. Bc4 Bxc2 36. a4 Bxa4 37. Kg1 Bb5 38. Bf1 Bxf1 39. Kh1 e2 40. Kg1 e1=Q 0-1

[Event "British Columbia op"]
[Site "Burnaby CAN"]
[Date "2025.02.15"]
[Round "2.28"]
[White "Yang, Larry"]
[Black "Chua, Zachary"]
[Result "0-1"]
[WhiteElo "1685"]
[BlackElo "1829"]
[WhiteFideId "-1"]
[WhiteFideId "-1"]
[PlyCount "92"]
[GameId "2162699947183664"]
[EventDate "2025.02.15"]
[EventType "swiss"]
[EventRounds "6"]
[EventCountry "CAN"]

1. e4 c5 2. Nf3 d6 3. d4 cxd4 4. Nxd4 Nf6 5. Nc3 Nc6 6. f3 a6 7. Be2 e6 8. O-O Be7 9. Be3 O-O 10. Qd2 Qc7 11. Rfd1 Bd7 12. Rac1 Rfd8 13. Bd3 b5 14. a3 d5 15. exd5 exd5 16. Nce2 Bd6 17. g3 Re8 18. Nf5 Bxf5 19. Bxf5 Qe7 20. Kf2 Rad8 21. c3 Na5 22. Qd3 Nc4 23. Bd4 Nxb2 24. Qd2 Nxd1+ 25. Rxd1 Bc5 26. Bd3 Ra8 27. Re1 Bxa3 28. Ra1 Bc5 29. Rb1 Nd7 30. Nf4 Nb6 31. Rc1 Rac8 32. Ra1 Bxd4+ 33. cxd4 Qf6 34. Be2 Ra8 35. Kg2 Nc4 36. Bxc4 dxc4 37. Qb2 Red8 38. Ne2 h6 39. Qc3 Qe7 40. Kf2 Rdc8 41. Rb1 Rab8 42. Qa1 Qd6 43. Qb2 c3 44. Qc2 a5 45. Ra1 Qb6 46. Kg2 b4 0-1

[Event "British Columbia op"]
[Site "Burnaby CAN"]
[Date "2025.02.15"]
[Round "2.29"]
[White "Armstrong, David"]
[Black "Sen, Arya Volkan"]
[Result "1-0"]
[WhiteElo "1825"]
[BlackElo "1582"]
[WhiteFideId "-1"]
[WhiteFideId "-1"]
[PlyCount "39"]
[GameId "2162699947183665"]
[EventDate "2025.02.15"]
[EventType "swiss"]
[EventRounds "6"]
[EventCountry "CAN"]

1. e4 c5 2. Nf3 e6 3. c3 d5 4. exd5 exd5 5. Bb5+ Bd7 6. Bxd7+ Nxd7 7. d4 Ngf6 8. O-O c4 9. Re1+ Be7 10. Qe2 a5 11. b3 Ra6 12. bxc4 dxc4 13. Ng5 h6 14. Ba3 Nd5 15. Nxf7 Kxf7 16. Qh5+ Kf8 17. Qxd5 Bxa3 18. Nxa3 Qc7 19. Rab1 Nf6 20. Qxb7 1-0

[Event "British Columbia op"]
[Site "Burnaby CAN"]
[Date "2025.02.15"]
[Round "2.30"]
[White "Laha, Joydeep"]
[Black "Yang, Nathan Yi-Hsin"]
[Result "1-0"]
[WhiteElo "1638"]
[BlackElo "1823"]
[WhiteFideId "-1"]
[WhiteFideId "-1"]
[PlyCount "50"]
[GameId "2162699947183666"]
[EventDate "2025.02.15"]
[EventType "swiss"]
[EventRounds "6"]
[EventCountry "CAN"]

1. e4 c5 2. d4 cxd4 3. c3 dxc3 4. Nxc3 Nc6 5. Nf3 g6 6. Bc4 Bg7 7. O-O d6 8. Bf4 Bg4 9. Bxf7+ Kf8 10. Bc4 Ne5 11. Bxe5 Bxe5 12. Qd5 e6 13. Qd3 Bxf3 14. Qxf3+ Qf6 15. Qg4 Ke7 16. f4 Bd4+ 17. Kh1 Bxc3 18. bxc3 h5 19. Qg3 Rc8 20. e5 dxe5 21. fxe5 Qg7 22. Bxe6 Rf8 23. Bb3 Nh6 24. e6 Rc8 25. Rad1 Nf5 1-0

[Event "British Columbia op"]
[Site "Burnaby CAN"]
[Date "2025.02.16"]
[Round "3.2"]
[White "Yang, Jingyun (Ryan)"]
[Black "Leong, Ryan"]
[Result "1-0"]
[WhiteElo "2331"]
[BlackElo "2062"]
[WhiteFideId "-1"]
[WhiteFideId "-1"]
[PlyCount "53"]
[GameId "2151397239857487"]
[EventDate "2025.02.15"]
[EventType "swiss"]
[EventRounds "6"]
[EventCountry "CAN"]

1. e4 c5 2. Nf3 d6 3. d4 cxd4 4. Nxd4 Nf6 5. Nc3 a6 6. h3 e6 7. g4 h6 8. Be3 Be7 9. Qd2 b5 10. a3 Bb7 11. f3 Nc6 12. O-O-O Rc8 13. Kb1 Ne5 14. h4 Nfd7 15. Be2 Nb6 16. g5 Nbc4 17. Bxc4 Nxc4 18. Qd3 Nxe3 19. Qxe3 g6 20. h5 e5 21. hxg6 exd4 22. Qxd4 Kd7 23. g7 Rg8 24. gxh6 Rc4 25. Qd3 Rc6 26. h7 Bf6 27. h8=Q 1-0

[Event "British Columbia op"]
[Site "Burnaby CAN"]
[Date "2025.02.16"]
[Round "3.3"]
[White "Xu, Andrew"]
[Black "Chen, Yidong"]
[Result "0-1"]
[WhiteElo "1964"]
[BlackElo "2260"]
[WhiteFideId "-1"]
[WhiteFideId "-1"]
[PlyCount "114"]
[GameId "2162699947183668"]
[EventDate "2025.02.15"]
[EventType "swiss"]
[EventRounds "6"]
[EventCountry "CAN"]

1. e4 c5 2. Nf3 d6 3. Bb5+ Nc6 4. O-O Bd7 5. c3 a6 6. Bxc6 Bxc6 7. Re1 g6 8. d4 cxd4 9. cxd4 Bg7 10. Nc3 Rc8 11. Qb3 b5 12. Bd2 Nf6 13. d5 Bd7 14. a4 Rb8 15. axb5 axb5 16. Na2 Ra8 17. Nb4 O-O 18. e5 Rxa1 19. Rxa1 Ne4 20. Bf4 Qb6 21. Be3 Nc5 22. Qd1 Qb7 23. exd6 exd6 24. Bd4 Bxd4 25. Nxd4 Re8 26. Ndc6 Qb6 27. Qd4 Bxc6 28. dxc6 Qa5 29. Rd1 Re4 30. Qd2 Ne6 31. Nc2 Qxd2 32. Rxd2 Rc4 33. Kf1 Rxc6 34. Nd4 Nxd4 35. Rxd4 Kf8 36. Ke2 Rc2+ 37. Ke3 Ke7 38. Rb4 Rc5 39. Rh4 h5 40. Rb4 g5 41. h4 f6 42. g3 Kd7 43. f4 gxh4 44. gxh4 Kc6 45. Re4 Rc2 46. b4 Rb2 47. Re6 Rxb4 48. Rxf6 Rb3+ 49. Ke4 Rh3 50. f5 Rxh4+ 51. Kf3 Kd5 52. Re6 Rh1 53. Kf4 b4 54. Re2 Rf1+ 55. Kg5 b3 56. Rd2+ Kc4 57. Rxd6 b2 0-1

[Event "British Columbia op"]
[Site "Burnaby CAN"]
[Date "2025.02.16"]
[Round "3.4"]
[White "Tu, Liam"]
[Black "Liu, Zachary"]
[Result "0-1"]
[WhiteElo "1819"]
[BlackElo "2137"]
[WhiteFideId "-1"]
[WhiteFideId "-1"]
[PlyCount "80"]
[GameId "2162699947183669"]
[EventDate "2025.02.15"]
[EventType "swiss"]
[EventRounds "6"]
[EventCountry "CAN"]

1. d4 Nf6 2. c4 c5 3. d5 e6 4. Nc3 exd5 5. cxd5 d6 6. Nf3 g6 7. e4 Bg7 8. Nd2 O-O 9. Be2 Na6 10. O-O Nc7 11. a4 b6 12. Nc4 Ba6 13. Qc2 Re8 14. Bf4 Bxc4 15. Bxc4 a6 16. Rfe1 Nh5 17. Bd2 Qd7 18. Qd3 Bd4 19. h3 Kg7 20. Ra3 Reb8 21. Rb3 Kg8 22. Ra1 Ng7 23. Qe2 f5 24. Kh2 Kh8 25. f4 fxe4 26. Nxe4 Nge8 27. g4 Nf6 28. Nxf6 Bxf6 29. Qf3 b5 30. axb5 axb5 31. Rxa8 Rxa8 32. Be2 c4 33. Ra3 Bxb2 34. Re3 Rf8 35. Bd1 Qf7 36. Re2 Nxd5 37. f5 Be5+ 38. Kh1 gxf5 39. Bh6 fxg4 40. Qe4 Qf1# 0-1

[Event "British Columbia op"]
[Site "Burnaby CAN"]
[Date "2025.02.16"]
[Round "3.5"]
[White "Yin, Andrew"]
[Black "Baldeschi, Niccolò"]
[Result "1/2-1/2"]
[WhiteElo "1910"]
[BlackElo "2357"]
[WhiteFideId "-1"]
[WhiteFideId "-1"]
[PlyCount "129"]
[GameId "2162699947183670"]
[EventDate "2025.02.15"]
[EventType "swiss"]
[EventRounds "6"]
[EventCountry "CAN"]

1. e4 c5 2. Nf3 d6 3. d4 cxd4 4. Nxd4 Nf6 5. Nc3 g6 6. Be3 Bg7 7. f3 O-O 8. Qd2 Nc6 9. O-O-O Nxd4 10. Bxd4 Be6 11. h4 Qa5 12. Kb1 Rfc8 13. a3 Rab8 14. Nb5 Qxd2 15. Rxd2 a6 16. Nc3 Nd7 17. Bxg7 Kxg7 18. Nd5 Bxd5 19. Rxd5 b5 20. Be2 Rc6 21. c3 Nc5 22. e5 dxe5 23. Rxe5 e6 24. Rd1 a5 25. f4 f6 26. Re3 b4 27. cxb4 axb4 28. axb4 Rxb4 29. Rc1 Rxf4 30. Bf3 Rc8 31. Rec3 Rf5 32. b4 Rb8 33. Rxc5 Rxb4+ 34. Ka2 Rxc5 35. Rxc5 Rxh4 36. Rc7+ Kf8 37. Kb3 h5 38. Kc3 Ra4 39. Be2 Re4 40. Bf3 Rf4 41. Kd3 e5 42. Ke3 Rd4 43. Ra7 h4 44. Rc7 f5 45. Be2 Re4+ 46. Kf3 Ra4 47. Bc4 Ra3+ 48. Kf2 Rc3 49. Rf7+ Ke8 50. Bd5 Rd3 51. Bc4 Rd4 52. Be6 Rd2+ 53. Kf1 Rd6 54. Bc4 e4 55. Rh7 g5 56. Rg7 g4 57. Rf7 Rc6 58. Bb3 Rc5 59. Rh7 Rc1+ 60. Ke2 Rh1 61. Rh5 Rh2 62. Kf1 e3 63. Rxf5 g3 64. Kg1 h3 65. Bd5 1/2-1/2

[Event "British Columbia op"]
[Site "Burnaby CAN"]
[Date "2025.02.16"]
[Round "3.6"]
[White "Aljo, Johan"]
[Black "Yuan, Jaydon"]
[Result "1-0"]
[WhiteElo "2228"]
[BlackElo "1800"]
[WhiteFideId "-1"]
[WhiteFideId "-1"]
[PlyCount "105"]
[GameId "2162699947183671"]
[EventDate "2025.02.15"]
[EventType "swiss"]
[EventRounds "6"]
[EventCountry "CAN"]

1. d4 Nf6 2. c4 e6 3. g3 c5 4. d5 exd5 5. cxd5 d6 6. Nc3 g6 7. Bg2 Bg7 8. Nf3 O-O 9. O-O a6 10. a4 Re8 11. Bf4 Qc7 12. Re1 Nbd7 13. e4 Ng4 14. Nd2 Nge5 15. Qc2 c4 16. Bf1 b6 17. h3 Rb8 18. Bxe5 Nxe5 19. f4 Nd3 20. Bxd3 cxd3 21. Qxd3 Bxh3 22. Kh2 Bg4 23. Kg2 Qc8 24. Nc4 Bh3+ 25. Kh2 Bg4 26. Rac1 Qd8 27. Ne3 Bc8 28. b4 h5 29. Ng2 b5 30. a5 g5 31. f5 Be5 32. Ne2 Kg7 33. Kg1 Rh8 34. Kf2 Qf6 35. Rh1 Bd7 36. Qf3 Qh6 37. Rc7 Bc8 38. Qe3 Rb7 39. Rc6 Re7 40. Ne1 Rhe8 41. Nf3 f6 42. Qc1 Qh8 43. Rc7 Rd7 44. Qc6 Rxc7 45. Qxc7+ Kg8 46. Rc1 Qh6 47. Rc6 Qf8 48. Nxe5 dxe5 49. d6 Rd8 50. Nc3 Kh8 51. Nd5 Bd7 52. Ne7 Bxc6 53. Ng6+ 1-0

[Event "British Columbia op"]
[Site "Burnaby CAN"]
[Date "2025.02.16"]
[Round "3.7"]
[White "Yang, Henry"]
[Black "Peiris, T G M"]
[Result "0-1"]
[WhiteElo "2040"]
[BlackElo "1870"]
[WhiteFideId "-1"]
[WhiteFideId "-1"]
[PlyCount "78"]
[GameId "2162699947183672"]
[EventDate "2025.02.15"]
[EventType "swiss"]
[EventRounds "6"]
[EventCountry "CAN"]

1. d4 Nf6 2. Bg5 e6 3. e4 h6 4. Bxf6 Qxf6 5. Nc3 d6 6. Qd2 a6 7. Nf3 Nd7 8. Bd3 g5 9. h3 Bg7 10. Ne2 Qe7 11. c3 b6 12. Ng3 Rg8 13. Qe2 Bb7 14. O-O Nf8 15. a4 Ng6 16. Nh5 e5 17. d5 a5 18. Bb5+ Kf8 19. Ng3 Nf4 20. Qe3 Bc8 21. b4 h5 22. Bc6 Ra7 23. bxa5 Rxa5 24. Nd2 g4 25. hxg4 Bh6 26. Qe1 Rxg4 27. Nb3 Ra7 28. a5 h4 29. axb6 cxb6 30. Rxa7 Qxa7 31. Ne2 Rxg2+ 32. Kh1 Bh3 33. Ng1 Bc8 34. Qa1 Qc7 35. Qa8 Kg7 36. Ra1 Qe7 37. Ne2 Bh3 38. Rg1 Rxg1+ 39. Nxg1 Qg5 0-1

[Event "British Columbia op"]
[Site "Burnaby CAN"]
[Date "2025.02.16"]
[Round "3.8"]
[White "Gao, Justin"]
[Black "Fan, Henry"]
[Result "1/2-1/2"]
[WhiteElo "2017"]
[BlackElo "1667"]
[WhiteFideId "-1"]
[WhiteFideId "-1"]
[PlyCount "52"]
[GameId "2162699947183673"]
[EventDate "2025.02.15"]
[EventType "swiss"]
[EventRounds "6"]
[EventCountry "CAN"]

1. e4 c5 2. Nf3 d6 3. d4 cxd4 4. Nxd4 Nf6 5. Nc3 a6 6. Be2 e5 7. Nf3 Be7 8. Bg5 Nbd7 9. a4 b6 10. Nd2 Bb7 11. Bc4 h6 12. Be3 Qc7 13. h4 Rc8 14. Ba2 b5 15. axb5 axb5 16. Nxb5 Qxc2 17. Qxc2 Rxc2 18. Nc3 Rxb2 19. Bb3 Nxe4 20. Ncxe4 Bxe4 21. O-O-O Rxb3 22. Nxb3 O-O 23. f3 Rc8+ 24. Kd2 Rc2+ 25. Ke1 Bxf3 26. gxf3 Rc3 1/2-1/2

[Event "British Columbia op"]
[Site "Burnaby CAN"]
[Date "2025.02.16"]
[Round "3.9"]
[White "Mok, Erwin Jun-Han"]
[Black "Chen, Yonglong"]
[Result "0-1"]
[WhiteElo "1973"]
[BlackElo "1570"]
[WhiteFideId "-1"]
[WhiteFideId "-1"]
[PlyCount "150"]
[GameId "2162699947183674"]
[EventDate "2025.02.15"]
[EventType "swiss"]
[EventRounds "6"]
[EventCountry "CAN"]

1. d4 d5 2. c4 c6 3. cxd5 cxd5 4. Bf4 Nf6 5. Nc3 Nc6 6. e3 a6 7. Bd3 e6 8. a3 Bd6 9. Bxd6 Qxd6 10. f4 b5 11. b4 Bb7 12. Qf3 Rc8 13. Nge2 Ne7 14. g4 h5 15. g5 Nd7 16. O-O g6 17. a4 bxa4 18. Nxa4 O-O 19. Nc5 Nxc5 20. bxc5 Qc6 21. Rfb1 Ra8 22. Rb6 Qc7 23. Nc3 Nc8 24. Rb2 Ne7 25. Qe2 Nf5 26. Rb6 Rfb8 27. Bxf5 exf5 28. Rab1 Bc6 29. Qa2 Re8 30. Nxd5 Bxd5 31. Qxd5 Qe7 32. R1b3 Rad8 33. Qf3 a5 34. R6b5 a4 35. Ra3 Ra8 36. Rb7 Qd8 37. Rb6 Re4 38. Qf1 Qd5 39. Rd6 Qb7 40. Qc1 Kg7 41. d5 Qb5 42. Qc3+ Kg8 43. Rb6 Qe2 44. Qd3 Qg4+ 45. Kf2 Qh4+ 46. Kf1 Qh3+ 47. Ke1 Rae8 48. Kd2 Rxe3 49. Qxe3 Rxe3 50. Rxe3 Qg2+ 51. Kc3 Qxd5 52. Rb5 a3 53. Re8+ Kg7 54. Ra5 Qf3+ 55. Kb4 Qxf4+ 56. Kxa3 Qc1+ 57. Kb3 f4 58. Raa8 Qb1+ 59. Ka4 Qa1+ 60. Kb5 Qb2+ 61. Kc6 Qg2+ 62. Kd7 Qxg5 63. Rg8+ Kf6 64. c6 Qd5+ 65. Kc7 f3 66. Rgd8 Qe5+ 67. Kc8 f2 68. Rd1 Qe8+ 69. Kb7 Qe7+ 70. c7 Qb4+ 71. Kc6 Qc4+ 72. Kd6 Qf4+ 73. Kc6 Qf3+ 74. Kd7 Qxd1+ 75. Ke8 Qe2+ 0-1

[Event "British Columbia op"]
[Site "Burnaby CAN"]
[Date "2025.02.16"]
[Round "3.10"]
[White "Lin, Michael"]
[Black "Arya, Aadit"]
[Result "0-1"]
[WhiteElo "1794"]
[BlackElo "1960"]
[WhiteFideId "-1"]
[WhiteFideId "-1"]
[PlyCount "144"]
[GameId "2162699947183675"]
[EventDate "2025.02.15"]
[EventType "swiss"]
[EventRounds "6"]
[EventCountry "CAN"]

1. d4 Nf6 2. c4 c5 3. d5 b5 4. cxb5 a6 5. bxa6 g6 6. Nc3 Bg7 7. e4 O-O 8. Nf3 Qa5 9. a7 Nxe4 10. axb8=Q Rxb8 11. Bd2 Nxd2 12. Nxd2 Rxb2 13. Na4 Rxd2 14. Qxd2 Qxa4 15. Rc1 Qe4+ 16. Qe3 Qxd5 17. Qxc5 Qe6+ 18. Qe3 Qxa2 19. Be2 Qa5+ 20. Kf1 Bf6 21. g3 Bb7 22. Bf3 Bg5 23. Qc3 Qb5+ 24. Kg2 Bxc1 25. Rxc1 Rc8 26. Qxc8+ Bxc8 27. Rxc8+ Kg7 28. Rc7 e6 29. Rb7 Qd3 30. Bg4 h5 31. Bf3 d5 32. Rd7 Kf6 33. h4 Qc3 34. Rd6 d4 35. Rc6 Qa3 36. Rc4 d3 37. Rd4 Qc3 38. Rd7 d2 39. Rc7 Qxf3+ 40. Kxf3 d1=Q+ 41. Ke3 Qe1+ 42. Kd3 Qxf2 43. Rc4 Qf1+ 44. Kc3 Qxc4+ 45. Kxc4 Kf5 46. Kd4 Kg4 47. Ke3 Kxg3 48. Ke2 Kxh4 49. Kf2 g5 50. Kg2 f5 51. Kh2 e5 52. Kg2 e4 53. Kf2 Kg4 54. Ke2 f4 55. Kf2 e3+ 56. Ke2 Kg3 57. Kf1 f3 58. Ke1 f2+ 59. Kf1 e2+ 60. Kxe2 Kg2 61. Ke3 f1=R 62. Ke2 Rf2+ 63. Ke3 Kg3 64. Ke4 h4 65. Ke3 h3 66. Kd4 h2 67. Ke3 h1=R 68. Kd3 Rh4 69. Ke3 Rf3+ 70. Ke2 Rh2+ 71. Ke1 Ra3 72. Kf1 Ra1# 0-1

[Event "British Columbia op"]
[Site "Burnaby CAN"]
[Date "2025.02.16"]
[Round "3.11"]
[White "Zhang, Kai Zhongkai"]
[Black "Zhang, Jasper"]
[Result "0-1"]
[WhiteElo "1937"]
[BlackElo "1720"]
[WhiteFideId "-1"]
[WhiteFideId "-1"]
[PlyCount "84"]
[GameId "2162699947191868"]
[EventDate "2025.02.15"]
[EventType "swiss"]
[EventRounds "6"]
[EventCountry "CAN"]

1. e4 c5 2. Nf3 d6 3. d4 cxd4 4. Nxd4 Nf6 5. Nc3 a6 6. Bg5 e6 7. f4 Be7 8. Qf3 Qc7 9. Be2 Nc6 10. Nxc6 bxc6 11. O-O Bb7 12. Kh1 O-O 13. Bd3 e5 14. fxe5 dxe5 15. Qg3 Nh5 16. Qg4 Bxg5 17. Qxg5 Nf4 18. Bc4 h6 19. Qf5 Bc8 20. Rxf4 Bxf5 21. Rxf5 Kh8 22. Rd1 f6 23. h3 Rfd8 24. Rff1 Rxd1 25. Rxd1 Rd8 26. Bxa6 Rxd1+ 27. Nxd1 c5 28. Nc3 Kh7 29. b3 Qa5 30. Bd3 Qxc3 31. a4 Kg6 32. Kh2 Qe1 33. Bc4 Kg5 34. Be6 Kf4 35. Bg4 Qg3+ 36. Kg1 Kxe4 37. a5 Qe1+ 38. Kh2 Qxa5 39. Bf3+ Ke3 40. Kg3 e4 41. b4 Qc7+ 42. Kg4 Qf4+ 0-1

[Event "British Columbia op"]
[Site "Burnaby CAN"]
[Date "2025.02.16"]
[Round "3.12"]
[White "Yao, Lucas"]
[Black "Armstrong, David"]
[Result "1-0"]
[WhiteElo "2109"]
[BlackElo "1825"]
[WhiteFideId "-1"]
[WhiteFideId "-1"]
[PlyCount "105"]
[GameId "2162699947392573"]
[EventDate "2025.02.15"]
[EventType "swiss"]
[EventRounds "6"]
[EventCountry "CAN"]

1. e4 c6 2. d4 d5 3. exd5 cxd5 4. Bd3 Nc6 5. c3 Qc7 6. Nf3 Bg4 7. Bg5 e6 8. Nbd2 Bd6 9. O-O Bxh2+ 10. Kh1 Bf4 11. Bxf4 Qxf4 12. Qb3 Rb8 13. Rae1 Nge7 14. Qc2 h6 15. Nh2 Bf5 16. g3 Bxd3 17. Qxd3 Qf5 18. Qe3 Qh3 19. Ndf3 O-O 20. a3 Ng6 21. Rg1 Qf5 22. Kg2 Rfe8 23. Ne5 Ngxe5 24. dxe5 Red8 25. Nf3 Rbc8 26. Rh1 b6 27. Rh4 Na5 28. Nd4 Qg6 29. Reh1 Nc4 30. Qe2 Na5 31. Rg4 Qh7 32. Qf3 Nc6 33. Qf6 Kh8 34. Qf4 Qe4+ 35. Qxe4 dxe4 36. Nxc6 Rxc6 37. Rxe4 Rd2 38. Rb1 Kh7 39. Kf3 Rc7 40. Re2 Rxe2 41. Kxe2 Rc5 42. f4 g5 43. Rd1 Rc7 44. Kf3 Kg6 45. Rd4 h5 46. Rd8 gxf4 47. gxf4 Kf5 48. Rg8 f6 49. Rf8 Kg6 50. Rxf6+ Kg7 51. Rxe6 Rf7 52. Rd6 Re7 53. Kg3 1-0

[Event "British Columbia op"]
[Site "Burnaby CAN"]
[Date "2025.02.16"]
[Round "3.13"]
[White "Suresh, Barath Subramanian"]
[Black "Mohammed Qanee, Arpak Worya"]
[Result "1/2-1/2"]
[WhiteElo "1805"]
[BlackElo "2062"]
[WhiteFideId "-1"]
[WhiteFideId "-1"]
[PlyCount "102"]
[GameId "2162699947392574"]
[EventDate "2025.02.15"]
[EventType "swiss"]
[EventRounds "6"]
[EventCountry "CAN"]

1. e4 d5 2. exd5 Nf6 3. d4 Nxd5 4. Nf3 g6 5. Be2 Bg7 6. O-O O-O 7. c4 Nb6 8. h3 Nc6 9. Be3 e5 10. dxe5 Be6 11. Nd4 Nxd4 12. Bxd4 Nxc4 13. f4 f6 14. Bc5 Re8 15. Qc1 Qd5 16. Bf2 fxe5 17. Nc3 Qc6 18. Bf3 Qa6 19. Nd5 Rac8 20. b3 e4 21. Bxe4 Nd6 22. Bf3 c6 23. Ne3 Nf5 24. Ng4 Bd5 25. Bxd5+ cxd5 26. Qd1 d4 27. Ne5 Ne3 28. Bxe3 dxe3 29. Qd5+ Qe6 30. Qxe6+ Rxe6 31. Rac1 Rxc1 32. Rxc1 Bxe5 33. fxe5 Rxe5 34. Kf1 Rf5+ 35. Ke2 Rf2+ 36. Kxe3 Rxg2 37. Rc8+ Kg7 38. Rc7+ Kh6 39. Rxb7 Rxa2 40. Kf3 a6 41. b4 Ra4 42. b5 Ra3+ 43. Kg2 a5 44. Ra7 g5 45. b6 Rb3 46. Rxa5 Rxb6 47. h4 gxh4 48. Kh3 Rb4 49. Rc5 Kg6 50. Ra5 h5 51. Rc5 Rg4 1/2-1/2

[Event "British Columbia op"]
[Site "Burnaby CAN"]
[Date "2025.02.16"]
[Round "3.14"]
[White "Zhang, Bicheng"]
[Black "Taylor, Ashton"]
[Result "1/2-1/2"]
[WhiteElo "1786"]
[BlackElo "2061"]
[WhiteFideId "-1"]
[WhiteFideId "-1"]
[PlyCount "177"]
[GameId "2162699947392575"]
[EventDate "2025.02.15"]
[EventType "swiss"]
[EventRounds "6"]
[EventCountry "CAN"]

1. d4 d5 2. c4 e6 3. Nf3 Nf6 4. Nc3 c5 5. cxd5 cxd4 6. Qxd4 exd5 7. e4 dxe4 8. Qxd8+ Kxd8 9. Ng5 Be6 10. Nxe6+ fxe6 11. Bg5 Ke8 12. O-O-O Nbd7 13. Bb5 a6 14. Bxd7+ Nxd7 15. Nxe4 h6 16. Be3 Nf6 17. Nc3 Rc8 18. Kb1 Bc5 19. Rhe1 Kf7 20. Bxc5 Rxc5 21. Rd6 Re8 22. a3 Re7 23. f3 g6 24. Ne4 Re5 25. Rd4 Nxe4 26. Rexe4 Kf6 27. Rf4+ Kg7 28. Rfe4 Kf6 29. Rf4+ Rf5 30. Rfe4 g5 31. Rd8 Rf4 32. Rf8+ Rf7 33. Rxf7+ Kxf7 34. Rxf4+ gxf4 35. Kc2 Kf6 36. Kd3 Ke5 37. Kc4 b6 38. b4 Kd6 39. Kd4 e5+ 40. Ke4 Ke6 41. g3 fxg3 42. hxg3 h5 43. a4 b5 44. a5 Kd6 45. f4 exf4 46. Kxf4 Kd5 47. Kg5 Kc4 48. Kxh5 Kxb4 49. g4 Kxa5 50. g5 b4 51. g6 b3 52. g7 b2 53. g8=Q b1=Q 54. Qd8+ Ka4 55. Qd4+ Qb4 56. Qd1+ Ka5 57. Qd8+ Kb5 58. Qd7+ Ka5 59. Qd8+ Ka4 60. Qd1+ Qb3 61. Qd4+ Ka5 62. Qd8+ Ka4 63. Qd4+ Qb4 64. Qd1+ Qb3 65. Qd4+ Kb5 66. Qd7+ Kb6 67. Qd8+ Ka7 68. Qd4+ Qb6 69. Qd7+ Kb8 70. Qe8+ Kb7 71. Qe7+ Qc7 72. Qe4+ Qc6 73. Qe7+ Kc8 74. Qf8+ Kd7 75. Qf7+ Kd6 76. Qf2 Qd5+ 77. Kg4 a5 78. Qb6+ Kd7 79. Kf4 Qd2+ 80. Ke4 Qe2+ 81. Qe3 Qg4+ 82. Kd3 Qd1+ 83. Kc3 Qa1+ 84. Kc2 Qa2+ 85. Kc1 Qa1+ 86. Kc2 Qa2+ 87. Kc1 Kc6 88. Qc3+ Kd5 89. Qd2+ 1/2-1/2

[Event "British Columbia op"]
[Site "Burnaby CAN"]
[Date "2025.02.16"]
[Round "3.15"]
[White "Cheng, Peter Qian"]
[Black "Rathburn, Lia"]
[Result "0-1"]
[WhiteElo "1730"]
[BlackElo "1913"]
[WhiteFideId "-1"]
[WhiteFideId "-1"]
[PlyCount "58"]
[GameId "2162699947392576"]
[EventDate "2025.02.15"]
[EventType "swiss"]
[EventRounds "6"]
[EventCountry "CAN"]

1. d4 d6 2. e4 g6 3. Nc3 Bg7 4. h4 h5 5. Bb5+ c6 6. Ba4 b5 7. Bb3 b4 8. Na4 Nf6 9. f3 O-O 10. Be3 Nbd7 11. Qd2 e5 12. dxe5 Nxe5 13. O-O-O d5 14. Bh6 Qa5 15. Bxg7 Kxg7 16. Qd4 dxe4 17. Nc5 Re8 18. Nxe4 Nxe4 19. fxe4 c5 20. Qd5 Ba6 21. Nf3 Rad8 22. Nxe5 Rxd5 23. Rxd5 Qc7 24. Nf3 Bb7 25. Ba4 Bxd5 26. Bxe8 Bxe4 27. Ng5 Bxg2 28. Bxf7 Qg3 29. Rd1 Qxh4 0-1

[Event "British Columbia op"]
[Site "Burnaby CAN"]
[Date "2025.02.16"]
[Round "3.16"]
[White "Lu, Karson"]
[Black "Yu, Ryan Bole"]
[Result "1/2-1/2"]
[WhiteElo "1733"]
[BlackElo "1897"]
[WhiteFideId "-1"]
[WhiteFideId "-1"]
[PlyCount "73"]
[GameId "2162699947392577"]
[EventDate "2025.02.15"]
[EventType "swiss"]
[EventRounds "6"]
[EventCountry "CAN"]

1. d4 Nf6 2. Bf4 g6 3. e3 Bg7 4. Nf3 d6 5. Nbd2 O-O 6. c3 Nbd7 7. Be2 Re8 8. O-O e5 9. dxe5 dxe5 10. Bg3 c6 11. Bc4 Nd5 12. e4 N5b6 13. Qe2 Nc5 14. Rfd1 Qc7 15. Bb3 Nxb3 16. Nxb3 Bg4 17. Rd2 c5 18. Rad1 c4 19. Nbd4 Qc5 20. Nc2 f5 21. h3 Bh5 22. Re1 f4 23. Bh2 Rad8 24. Red1 Qe7 25. Nb4 Rxd2 26. Rxd2 h6 27. Nd5 Qf7 28. Nxb6 axb6 29. Qd1 Qc7 30. Rd7 Qc6 31. Qd5+ Qxd5 32. Rxd5 Bxf3 33. gxf3 Kf7 34. Rd7+ Re7 35. Rd6 Re6 36. Rd7+ Re7 37. Rd6 1/2-1/2

[Event "British Columbia op"]
[Site "Burnaby CAN"]
[Date "2025.02.16"]
[Round "3.17"]
[White "Lu, Samuel"]
[Black "Karthikeyan, Harishkumar"]
[Result "1/2-1/2"]
[WhiteElo "1885"]
[BlackElo "1809"]
[WhiteFideId "-1"]
[WhiteFideId "-1"]
[PlyCount "104"]
[GameId "2162699947392578"]
[EventDate "2025.02.15"]
[EventType "swiss"]
[EventRounds "6"]
[EventCountry "CAN"]

1. e4 c5 2. Nc3 Nc6 3. Nf3 e6 4. d4 cxd4 5. Nxd4 Nf6 6. Be3 Bb4 7. f3 d5 8. Bb5 Bd7 9. Bxc6 bxc6 10. e5 Ng8 11. Nb3 Qc7 12. Qd4 Bf8 13. O-O-O Ne7 14. g4 c5 15. Nxc5 Nc6 16. Nxd5 exd5 17. Qxd5 Rd8 18. Bg5 Be7 19. Bxe7 Nxe7 20. Qd6 Qxd6 21. exd6 Ng6 22. Rhe1+ Kf8 23. Re3 Bc6 24. c4 h6 25. b4 Kg8 26. b5 Ba8 27. d7 Kh7 28. Rde1 Nf8 29. Re8 Nxd7 30. Rxh8+ Rxh8 31. Nxd7 Bxf3 32. Ne5 Bg2 33. Nd7 Rd8 34. Rd1 Rc8 35. c5 Bh3 36. Rd4 h5 37. c6 Bxg4 38. Kb2 Be2 39. a4 f5 40. h4 g5 41. hxg5 Kg6 42. Rd6+ Kxg5 43. b6 axb6 44. Nxb6 Rc7 45. Nd5 Rc8 46. Ne7 Rb8+ 47. Kc3 Rb1 48. c7 Rc1+ 49. Kd2 Rxc7 50. Nd5 Ra7 51. Kxe2 Rxa4 52. Kf3 f4 1/2-1/2